Dictadura militar, trauma social e inauguración de la sociología del teatro en Chile /
Guardat en:
| Autor principal: | |
|---|---|
| Format: | Desconegut |
| Idioma: | Spanish |
| Publicat: |
Minneapolis :
Institute for the Study of Ideologies and Literature,
1991
|
| Col·lecció: | (Colección Literature and Human Rights ;
no. 8) |
| Matèries: | |
| Etiquetes: |
Afegir etiqueta
Sense etiquetes, Sigues el primer a etiquetar aquest registre!
|
MARC
| LEADER | 000000000a22000000004500 | ||
|---|---|---|---|
| 001 | 012525 | ||
| 020 | |a 1877660078 | ||
| 041 | 0 | |a spa | |
| 082 | 0 | 4 | |a 792.098.3 |b V648d |
| 100 | 1 | |a Vidal, Hernán | |
| 245 | 1 | 0 | |a Dictadura militar, trauma social e inauguración de la sociología del teatro en Chile / |c Hernán Vidal. |
| 260 | 1 | |a Minneapolis : |b Institute for the Study of Ideologies and Literature, |c 1991 | |
| 300 | |a 230 páginas | ||
| 490 | 1 | |a (Colección Literature and Human Rights ; |v no. 8) | |
| 500 | |a Material disponible en BCMA | ||
| 650 | 4 | |a TEATRO Y SOCIEDAD | |
| 650 | 4 | |a TEATRO CHILENO | |
| 650 | 4 | |a HISTORIA | |
| 650 | 4 | |a ASPECTOS POLITICOS | |
| 650 | 4 | |a CHILE | |
| 650 | 4 | |a DRAMA CHILENO | |
| 650 | 4 | |a SIGLO XX | |
| 650 | 4 | |a HISTORIA Y CRITICA | |
| 500 | |a Colección George Yúdice | ||
| 999 | |c 18486 |d 18486 | ||
| 942 | |c BK |h 792.098.3 V648d |2 z | ||



